00488nam a22001457a 4500003000500000038001800005082000800023100002100031245012400052264003300176300002500209650002000234700003100254856005700285NUST aNusrat Nadeem a200 aRizwan, Muhammad aDistinguishing Kerr-Like Black Holes From Naked Singularities Using Precession Frequency of Gyroscope/cMuhammad Rizwan aIslamabad;bSNS NUST;c2021; a119,p;bill;c30,cm. aPhD-Mathematics aSupervisor:Dr.Tooba Feroze uhttp://10.250.8.41:8080/xmlui/handle/123456789/28340